L'invincibile estate di Liliana /

Il 16 luglio del 1990, a Città del Messico, Liliana Rivera Garza fu vittima di un femminicidio. Aveva vent'anni, studiava architettura. Da tempo cercava di porre fine a una relazione con un ragazzo che non le dava tregua. Qualche settimana prima della tragedia, prese una decisione definitiva: nel be...

Descrizione completa

Salvato in:
Dettagli Bibliografici
Autore principale: Rivera Garza, Cristina (Autore)
Altri autori: Zavagna, Giulia (Traduttore)
Natura: Libro
Lingua:italiano
Pubblicazione: Roma : SUR, 2023
Serie:SUR. Nuova serie ; 75
Soggetti:
Tags: Aggiungi Tag
Nessun Tag, puoi essere il primo ad aggiungerne!!

MARC

LEADER 00000nam a2200000 i 4500
001 IT\ICCU\TO0\2116234
003 ItRI
005 20260115232137.0
008 230427s2023 it |||||| |||||1|||||c
020 |a 9788869983566 
040 |b ita  |c importazione bologna sebina 
041 7 |a ita  |2 ISO-639-2 
082 |a 863.7  |9 NARRATIVA SPAGNOLA, 2000-  |2 23 
100 1 |a Rivera Garza, Cristina  |0 IT\ICCU\MODV\595329  |4 aut 
240 1 3 |a El invencible verano de Liliana  |3 IT\ICCU\USM\0040211  |9 Rivera Garza, Cristina 
245 1 2 |a L'invincibile estate di Liliana /  |c Cristina Rivera Garza ; traduzione di Giulia Zavagna. 
260 |a Roma :  |b SUR,  |c 2023 
300 |a 315 p. :  |b ill. ;  |c 22 cm 
520 |a Il 16 luglio del 1990, a Città del Messico, Liliana Rivera Garza fu vittima di un femminicidio. Aveva vent'anni, studiava architettura. Da tempo cercava di porre fine a una relazione con un ragazzo che non le dava tregua. Qualche settimana prima della tragedia, prese una decisione definitiva: nel bel mezzo dell'inverno aveva scoperto che in lei c'era, come diceva Albert Camus, un'invincibile estate. L'avrebbe lasciato per sempre. Avrebbe cominciato una nuova vita. Avrebbe fatto un master, si sarebbe trasferita a Londra. La decisione del ragazzo fu che lei non avesse una vita senza di lui. Trent'anni dopo, a partire dalle carte di Liliana, dalle indagini dell'epoca e dalle testimonianze di amici e familiari, Cristina Rivera Garza ricostruisce la storia della sorella, una storia personale ma terribilmente universale: quella di una giovane donna, brillante e determinata, che muove i primi passi in un mondo permeato dalla violenza di genere. Dal primo amore con un ragazzo affascinante ma geloso e possessivo, fino all'ultima meravigliosa estate, fatta di viaggi, emozioni e libertà mai sperimentate prima. In un memoir che sfida ogni convenzione stilistica, con una prosa luminosa e poetica e un finissimo equilibrio tra fiction e non fiction, Cristina Rivera Garza affronta il lutto che l'ha cambiata per sempre, e che ancora oggi determina la persona che è e le cause per le quali si impegna a lottare ogni giorno. 
650 7 |a Memorie  |2 scbi 
700 1 |a Zavagna, Giulia  |0 IT\ICCU\CFIV\263094  |4 trl 
790 1 |a Rivera, Cristina,  |d  (1964-)  |3 IT\ICCU\PUVV\480569  |z Rivera Garza, Cristina 
830 0 |a SUR. Nuova serie ;  |v 75  |0 IT\ICCU\RAV\2057568 
942 |2 ddc  |c BK  |n 0 
952 |0 0  |1 0  |4 0  |6 DOC_863_992000000000000_RIV  |7 0  |9 20795  |a BO  |b BO  |d 2026-01-15  |i 20251  |l 0  |o DOC 863.992 RIV  |p BO20251  |r 2026-01-15 23:21:37  |w 2026-01-15  |x [Sebina 5] [1 v.]  |y BK  |z 1 v. 
999 |c 17770  |d 17770